000
00200 a2200097 4500
020
_a
8484001423
041
_a
spa
100
_a
Anonimo
245
_a
Cuentos y Leyendas de Amor para Niǫs
942
_c
BK
999
_c
15151
_d
15151